Cyclisme : Effectif 2025 de la UAE Team Emirats XRG - Statistiques

Statistiques générales
  • Ce quiz a été pris 217 fois
  • Le résultat moyen est 17 sur 29
Statistiques - réponses
Pays Reprensenté Coureur % Correct
Slovénie Tadej Pogačar
99%
Portugal João Almeida
94%
Mexique Isaac Del Toro
88%
France Pavel Sivakov
85%
Espagne Juan Ayuso
81%
Royaume-Uni Adam Yates
80%
Belgique Tim Wellens
79%
Équateur Jhonatan Narváez
78%
Allemagne Nils Politt
78%
USA Brandon McNulty
73%
Pologne Rafał Majka
73%
Espagne Marc Soler
66%
Portugal Ivo Oliveira
59%
Portugal Rui Oliveira
59%
Suisse Jan Christen
57%
Colombie Sebastián Molano
57%
Slovénie Domen Novak
56%
Danemark Mikkel Bjerg
56%
Portugal António Morgado
54%
Australie Jay Vine
53%
Autriche Felix Großschartner
52%
Belgique Florian Vermeersch
45%
Espagne Pablo Arias Torres
37%
Espagne Igor Arrieta
36%
Norvège Vegard Stake Laengen
35%
Italie Filippo Baroncini
32%
Italie Alessandro Covi
31%
Danemark Julius Johansen
23%
Belgique Rune Herregodts
23%
Aucun quiz correspondant
Distribution des résultats
% des personnes avec chaque résultat
Percentile par nombre de réponses
Votre historique - résultats
Vous n’avez pas pris ce quiz